<?xml version="1.0" encoding="UTF-8"?>
<collection xmlns="http://www.loc.gov/MARC21/slim">
 <record>
  <leader>00835cam a2200217 7i4500</leader>
  <controlfield tag="001">0000015770</controlfield>
  <controlfield tag="005">20151030090000.0</controlfield>
  <datafield tag="020" ind1=" " ind2=" ">
   <subfield code="a">9781408236956 </subfield>
  </datafield>
  <datafield tag="090" ind1="0" ind2="0">
   <subfield code="a">428.34/COT </subfield>
  </datafield>
  <datafield tag="100" ind1="1" ind2=" ">
   <subfield code="a">Cotton, David </subfield>
  </datafield>
  <datafield tag="245" ind1="0" ind2="0">
   <subfield code="a">Intermediate Market leader : </subfield>
   <subfield code="b">Business English Course Book  </subfield>
   <subfield code="c">by David Cotton, David Falvey, Simon Kent.</subfield>
  </datafield>
  <datafield tag="250" ind1=" " ind2=" ">
   <subfield code="a">3rd ed..</subfield>
  </datafield>
  <datafield tag="260" ind1=" " ind2=" ">
   <subfield code="a">Harlow: </subfield>
   <subfield code="b">Pearson/Longman, </subfield>
   <subfield code="c">c2010..</subfield>
  </datafield>
  <datafield tag="300" ind1=" " ind2=" ">
   <subfield code="a">CD-ROM (4 3/4 in)..</subfield>
  </datafield>
  <datafield tag="500" ind1=" " ind2=" ">
   <subfield code="a">Title from disc label.</subfield>
  </datafield>
  <datafield tag="650" ind1=" " ind2="0">
   <subfield code="a">English language -- </subfield>
   <subfield code="x">Business English </subfield>
  </datafield>
  <datafield tag="650" ind1=" " ind2="0">
   <subfield code="a">English language -- </subfield>
   <subfield code="x">Business English -- </subfield>
   <subfield code="x">Computer-assisted instruction. </subfield>
  </datafield>
  <datafield tag="650" ind1=" " ind2="0">
   <subfield code="a">English language -- </subfield>
   <subfield code="x">Business English -- </subfield>
   <subfield code="x">Study and teaching -- </subfield>
   <subfield code="x">Computer-assisted instruction for foreign speakers. </subfield>
  </datafield>
  <datafield tag="700" ind1="1" ind2=" ">
   <subfield code="a">Falvey, David </subfield>
  </datafield>
  <datafield tag="700" ind1="1" ind2=" ">
   <subfield code="a">Kent, Simon </subfield>
  </datafield>
  <datafield tag="999" ind1=" " ind2=" ">
   <subfield code="a">5000001120</subfield>
   <subfield code="b">CD-ROM</subfield>
   <subfield code="c">Green Spot</subfield>
  </datafield>
 </record>
</collection>
